| 000 | 00649nam a22001577a 4500 | ||
|---|---|---|---|
| 003 | OSt | ||
| 005 | 20151002160035.0 | ||
| 008 | 151002b xxu||||| |||| 00| 0 eng d | ||
| 040 | _cRUA | ||
| 082 | _aAVM CHE 1995 B068 Or.1 | ||
| 100 |
_91798 _aCHEA, PISOTH. |
||
| 245 | _aIdentification of areas with farm animal and preventive measures in phnom penh district, ការកំណត់តំបន់ និងវិធានការការពារជំងឺឆ្លងសត្វពាហនៈ នៅក្នុងស្រុកភ្នំពេញ | ||
| 260 |
_aPhnom Penh _bRUA _c1995 |
||
| 300 |
_a69p. _bill. _c29cm. |
||
| 942 |
_2ddc _cAVM |
||
| 999 |
_c1698 _d1698 |
||